000 00764nam a2200169 a 4500
008 120416s1959 ||||||||||||||||| || u
050 _aQA 433 Spi
100 _aSpiegel, Murray R
245 1 0 _aSchaum's outline of theory and problems of vector analysis and an introduction to tenser analysis
260 _aNew York
_bShaum
_c1959
300 _a[iv], 225p.:ill.
350 _a0.00
650 0 _aMATHEMATICS--HANDBOOKS, MANUALS, ETC
650 _aVECTOR ANALYSIS
995 _aBINDERY (DAMAGED)
_D0.00
_e715460
_FCBU-MAIN LIBRARY (Kitwe)
_H2
_I2.40
_jQA 433 Spi
_M2
_UDAMAGED
_y715460
_ZMain Library Open Access Collection
995 _aBINDERY (DAMAGED)
_D0.00
_e713362
_FCBU-MAIN LIBRARY (Kitwe)
_H1
_I2.40
_jQA 433 Spi
_M1
_UDAMAGED
_y012666
_ZMain Library Open Access Collection
999 _c80338
_d80338